Statistics for To Someone From A Warm Climate (Uiscefhuarithe) by Hozier - Lyric Quiz

Click here to take the quiz!

General Stats

  • This quiz has been taken 6 times
  • The average score is 243 of 265

Answer Stats

Answer% Correct
A
100%
a
100%
air
100%
all
100%
And
100%
and
100%
another
100%
are
100%
around
100%
As
100%
as
100%
awful
100%
bed
100%
been
100%
blanket
100%
breath
100%
brings
100%
But
100%
came
100%
cold
100%
come
100%
comin'
100%
darlin'
100%
didn't
100%
do
100%
dream
100%
dreamin'
100%
easy
100%
feel
100%
getting
100%
given
100%
go
100%
God
100%
has
100%
head
100%
heat
100%
his
100%
I
100%
In
100%
in
100%
is
100%
it
100%
keep
100%
know
100%
leg
100%
legs
100%
love
100%
move
100%
my
100%
name
100%
Natural
100%
natural
100%
never
100%
night
100%
no
100%
of
100%
one
100%
only
100%
over
100%
put
100%
shame
100%
some
100%
summer's
100%
teaches
100%
That
100%
that
100%
The
100%
the
100%
there
100%
There
100%
thin
100%
things
100%
to
100%
Uiscefhuarithe
100%
water
100%
we
100%
were
100%
when
100%
winter
100%
wisdom
100%
within
100%
Wrap
100%
you
100%
You'd
100%
you'd
100%
your
100%
body
67%
concrete
67%
coolness
67%
dread
67%
for
67%
frame
67%
hard
67%
joy
67%
learned
67%
leave
67%
Let
67%
make
67%
minutes
67%
press
67%
programs
67%
quiet
67%
rains
67%
seemed
67%
shake
67%
small
67%
until
67%
walls
67%
warming
67%
was
67%
arms
33%
boillin'
33%
Christ
33%
could
33%
found
33%
happened
33%
have
33%
heart
33%
it's
33%
just
33%
lake
33%
ocean
33%
river
33%
say
33%
wish
33%

Score Distribution

Percentile by Number Answered

Percent of People with Each Score

Your Score History

You have not taken this quiz